Valuations and apportionments for taxation purposes (Record no. 62735)

MARC details
000 -LEADER
fixed length control field 00822cam a2200265 4500
001 - CONTROL NUMBER
control field ABS62006
008 - FIXED-LENGTH DATA ELEMENTS--GENERAL INFORMATION
fixed length control field 000000n2000 000 0 eng u
035 ## - SYSTEM CONTROL NUMBER
System control number (Sirsi) u104548
100 ## - MAIN ENTRY--PERSONAL NAME
Personal name Sheard, M.
245 ## - TITLE STATEMENT
Title Valuations and apportionments for taxation purposes
260 ## - PUBLICATION, DISTRIBUTION, ETC.
Date of publication, distribution, etc. 2000
490 ## - SERIES STATEMENT
Series statement CSM (Chartered Surveyor Monthly)
Volume/sequential designation February 2000 20(1)
520 ## - SUMMARY, ETC.
Summary, etc. Describes how changes in methods of assessment and payment of tax will increase the importance of valuations and apportionments.
590 ## - LOCAL NOTE (RLIN)
Local note ABS
650 ## - SUBJECT ADDED ENTRY--TOPICAL TERM
Topical term or geographic name entry element Valuation
9 (RLIN) 6273
650 ## - SUBJECT ADDED ENTRY--TOPICAL TERM
Topical term or geographic name entry element SELF ASSESSMENT
650 ## - SUBJECT ADDED ENTRY--TOPICAL TERM
Topical term or geographic name entry element INLAND REVENUE VALUATION OFFICE AGENCY
650 ## - SUBJECT ADDED ENTRY--TOPICAL TERM
Topical term or geographic name entry element CAPITAL GAINS TAX
650 ## - SUBJECT ADDED ENTRY--TOPICAL TERM
Topical term or geographic name entry element INHERITANCE TAX
650 ## - SUBJECT ADDED ENTRY--TOPICAL TERM
Topical term or geographic name entry element MARKET VALUE
690 ## - LOCAL SUBJECT ADDED ENTRY--TOPICAL TERM (OCLC, RLIN)
Topical term or geographic name as entry element TAXATION
700 ## - ADDED ENTRY--PERSONAL NAME
Personal name Scheers, G.
700 ## - ADDED ENTRY--PERSONAL NAME
Personal name Rowe, R.
942 ## - ADDED ENTRY ELEMENTS (KOHA)
Suppress in OPAC 0
Holdings
Withdrawn status Lost status Source of classification or shelving scheme Damaged status Not for loan Home library Current library Shelving location Date acquired Total Checkouts Full call number Barcode Date last seen Copy number Price effective from Koha item type
    Dewey Decimal Classification     London London Journal article 02/03/2000   ABS62006 104548-1001 06/08/2019 1 06/08/2019 Journal article